| 000 | 00563nam a2200181Ia 4500 | ||
|---|---|---|---|
| 005 | 20250508152601.0 | ||
| 008 | 008 250505s9999 xx 000 0 eng d | ||
| 037 | _aTextual | ||
| 040 |
_aFEDL _beng _cFEDL |
||
| 041 |
_aeng _2eng |
||
| 084 |
_a364.3, IND _qFEDL |
||
| 245 | 0 | _aReport on delinquent children and juvenile offenders in India 1955 | |
| 245 | 0 | _cIndia, Government.... Ministry of Education | |
| 260 |
_aDelhi, India _bManager of Publications _c1959 |
||
| 300 | _aii,114p | ||
| 942 |
_cTEXL _h364.3, IND |
||
| 999 |
_c1337410 _d1337410 |
||